Kvantitatívne prístupy k modelovaniu rozhodovania ekonomických subjektov v podmienkach neurčitosti a rizika (recenzovaný zborník z vedeckého workshopu)
Salvato in:
| Ente Autore: | |
|---|---|
| Altri autori: | , |
| Natura: | Libro |
| Lingua: | slovacco inglese |
| Pubblicazione: |
Košice
Podnikovohospodárska fakulta EU v Košiciach
2008
|
| Soggetti: | |
| Tags: |
Nessun Tag, puoi essere il primo ad aggiungerne!!
|
MARC
| LEADER | 00000nlm$a2200000$$$4500 | ||
|---|---|---|---|
| 001 | 0109079 | ||
| 005 | 20221207100859.2 | ||
| 020 | |a 978-80-225-2665-4 | ||
| 041 | 0 | |a slo | |
| 041 | 0 | |a eng | |
| 044 | |a SK | ||
| 245 | 1 | 0 | |a Kvantitatívne prístupy k modelovaniu rozhodovania ekonomických subjektov v podmienkach neurčitosti a rizika |b (recenzovaný zborník z vedeckého workshopu) |c editori Zuzana Lejková a Tomáš Výrost |
| 264 | 1 | |a Košice |b Podnikovohospodárska fakulta EU v Košiciach |c 2008 | |
| 300 | |a CD-ROM | ||
| 610 | 2 | 0 | |a modelovanie matematické |
| 610 | 2 | 0 | |a modelovanie ekonometrické |
| 610 | 2 | 0 | |a modely rozhodovania |
| 610 | 2 | 0 | |a riziko |
| 700 | 1 | |a Lejková, Zuzana | |
| 700 | 1 | |a Výrost, Tomáš, 1978- | |
| 110 | 2 | |a Kvantitatívne prístupy k modelovaniu rozhodovania ekonomických subjektov v podmienkach neurčitosti a rizika. Workshop | |